[Event "COL pre olympic sf1 (Women)"]
[Site "Medellin"]
[Date "2016.03.23"]
[Round "2"]
[White "Mateus, Martha"]
[Black "Jimenez, Haddy Belleily"]
[Result "1-0"]
[WhiteElo "2141"]
[BlackElo "1564"]
[PlyCount "59"]
[EventDate "2016.03.22"]
[EventType "swiss"]
[EventRounds "9"]
[EventCountry "COL"]
[SourceTitle "CBM 171 Extra"]
[Source "ChessBase"]
[SourceDate "2016.04.26"]
[SourceVersion "1"]
[SourceVersionDate "2016.04.26"]
[SourceQuality "1"]

1. e4 e5 2. Nc3 Nf6 3. f4 d5 4. fxe5 Nxe4 5. Qf3 Nxc3 6. dxc3 Nc6 7. Bf4 Bf5 8. 0-0-0 Be4 9. Qg3 a6 10. Nf3 h6 11. h4 Qd7 12. Bd3 Qe6 13. Rhe1 0-0-0 14. Nd4 Nxd4 15. cxd4 Bxd3 16. Rxd3 g6 17. Rf1 Rd7 18. Rb3 Bg7 19. Qe1 f6 20. Qb4 c6 21. Re1 g5 22. exf6 Qxf6 23. Be5 Qe7 24. Qb6 Bxe5 25. dxe5 Qd8 26. Qa7 Qc7 27. hxg5 hxg5 28. Rg3 Rh5 29. Qe3 d4 30. Qf3 1-0